| 000 | 00434nam a2200181Ia 4500 | ||
|---|---|---|---|
| 003 | 0100 | ||
| 008 | 130303s9999 xx 000 0 und d | ||
| 040 | _cARRUPELIB | ||
| 050 | _aBS1705.R8 | ||
| 100 | _aRussell, David Syme | ||
| 245 | 4 | _aThe method and message of Jewish apocalyptic | |
| 245 | _b200 B.C. - A.D. 100 | ||
| 260 | _aPhiladelphia PA | ||
| 260 | _bWestminster Pr. | ||
| 260 | _C1964 | ||
| 300 | _a464p | ||
| 942 | 0 | 0 | _01 |
| 999 |
_c41470 _d41470 |
||